000 004430000a22001690004500
041 0 _aENG
082 0 4 _aG 273.7092 R511p
100 1 _aRichard, Marie E.
245 1 0 _aPhilip Jacob Spener and his work / Marie E. Richard
260 _aPhiladelphia, PA., USA : Lutheran
300 _a154 Pag
001 8439
942 _cBK
999 _c38590
_d38590
336 _atexto
_btxt
_2rdacontent
337 _2rdamedia
_asin mediación
_bn
338 _2rdacarrier
_avolumen
_bnc